| 000 | 00880cab a2200241 4500 | ||
|---|---|---|---|
| 001 | WB2818-20 | ||
| 008 | 090401t1992 xxu||||| |||| 00| 0 eng d | ||
| 035 | _a(Sirsi) u644 | ||
| 041 | _aeng | ||
| 245 | _aHouse prices begin to rise | ||
| 260 | _c1992 | ||
| 350 | _a0 | ||
| 490 |
_aTimes _v2 May 1992, 1 |
||
| 490 |
_aGuardian _v2 May 1992, 7 |
||
| 490 |
_aDaily Telegraph _v7 May 1992, 23(2) |
||
| 520 | _aNationwide Anglia Building Society figures show that house prices rose by 0.7% last month, the first upward movement since November 1991. In contrast, the figures from the Halifax Building Society show that house prices continued to fall. | ||
| 650 | _aHALIFAX BUILDING SOCIETY | ||
| 650 | _aHOUSE PRICES | ||
| 650 | _aNATIONWIDE ANGLIA BUILDING SOCIETY | ||
| 690 | _aPROPERTY-RESIDENTIAL PROPERTY-RESIDENTIAL PROPERTY MARKET | ||
| 942 | _n0 | ||
| 948 | _c04/03/1997 | ||
| 999 |
_c321 _d321 |
||